000 00852cam a22002771 4500
001 35582
003 BD-RjUL
005 20211209052340.0
008 140126s19601944nyua b 001 0 eng
035 _a(BD-RjUL)35677
035 _a(OCoLC)1248026
040 _aDLC
_cPPT
_dOCoLC
_dDLC
_beng
041 _aeng
082 0 0 _a370.15
_bEDU 1944
245 1 0 _aEducational psychology
_cArthur I. Gates... [et. al.].
260 _aNew York :
_bMacmillan Co.,
_cc1944.
300 _aVol-2. :
_bill. ;
_c22 cm.
500 _aFirst pub. in 1923 under title: Psychology for students of education.
504 _aIncludes bibliographies and index.
505 _aVol. 1. -- V. 2
650 0 _aPsychology.
_935480
650 0 _aEducational psychology.
_935481
700 1 _aGates, Arthur Irving,
_d1890-
_935482
942 _2ddc
_cBK
999 _c35582
_d35582